| 000 | 00983cam a22002894a 4500 | ||
|---|---|---|---|
| 001 | 13269413 | ||
| 003 | SISC | ||
| 005 | 20160224132532.0 | ||
| 008 | 030710s2005 nyua c b 001 0 eng | ||
| 010 | _a 2003015578 | ||
| 020 | _a9781404200739 | ||
| 040 |
_aDLC _cDLC _dDLC |
||
| 042 |
_apcc _alcac |
||
| 050 | 0 | 0 |
_aQB 209.5 _b.Sh47 2005 |
| 082 | 0 | 0 |
_aHS 115 _b.Sh5 2005 |
| 100 | 1 |
_aSherman, Josepha. _912626 |
|
| 245 | 1 | 0 |
_aHow do we know the nature of time / _cJosepha Sherman. |
| 250 | _a1st ed. | ||
| 260 |
_aNew York : _bRosen Pub. Group, _cc2005. |
||
| 300 |
_a112 p. : _bill. ; _c21 cm. |
||
| 440 | 0 |
_aGreat scientific questions and the scientists who answered them _912584 |
|
| 650 | 0 |
_aTime _vJuvenile literature. _912627 |
|
| 906 |
_a7 _bcbc _corignew _d1 _eecip _f20 _gy-gencatlg |
||
| 942 |
_2lcc _cBK |
||
| 999 |
_c9160 _d9160 |
||